[Event "Katowice Silesia 100th Ann op"]
[Site "Katowice"]
[Date "2024.04.27"]
[Round "2"]
[White "Piesik, Piotr"]
[Black "Lapczynski, Artur"]
[Result "1-0"]
[WhiteElo "2417"]
[BlackElo "1991"]
[PlyCount "89"]
[EventDate "2024.04.27"]
[EventType "swiss (rapid)"]
[EventRounds "11"]
[EventCountry "POL"]
[SourceTitle "CB19_2024"]
[SourceDate "2024.05.08"]
[SourceVersion "1"]
[SourceVersionDate "2024.05.08"]
[SourceQuality "1"]

1. Nf3 Nf6 2. g3 g6 3. Bg2 Bg7 4. 0-0 0-0 5. d4 d5 6. c4 c6 7. Nc3 dxc4 8. a4 Bf5 9. a5 Qc8 10. Re1 Rd8 11. Qa4 Na6 12. Qxc4 Be6 13. Qa4 c5 14. Be3 Nd5 15. Nxd5 Bxd5 16. dxc5 Bxb2 17. Rab1 Bg7 18. Rec1 Qc7 19. Bf4 e5 20. Bg5 Rdc8 21. e4 Bc6 22. Qc4 Qxa5 23. Be7 Qa4 24. Qxa4 Bxa4 25. Bd6 f6 26. Bf1 Bc6 27. Bc4+ Kh8 28. Bd5 Bf8 29. Bxf8 Rxf8 30. Rxb7 Bxb7 31. Bxb7 Rac8 32. Bxa6 Rc7 33. Nd2 Rd8 34. Rc2 Kg7 35. Kf1 Rc6 36. Bb7 Rxd2 37. Rxd2 Rxc5 38. Rd7+ Kh6 39. Bd5 a5 40. Ra7 Rc1+ 41. Kg2 Ra1 42. Bg8 a4 43. h4 g5 44. Rxh7+ Kg6 45. h5# 1-0

[Event "POL-chT 2nd League"]
[Site "Jastrzebia Gora"]
[Date "2018.09.01"]
[Round "1.8"]
[White "Kokoszczynski, Jan"]
[Black "Lapczynski, Artur"]
[Result "1/2-1/2"]
[WhiteElo "2246"]
[BlackElo "2050"]
[PlyCount "65"]
[EventDate "2018.09.01"]
[EventType "team-swiss"]
[EventRounds "9"]
[EventCountry "POL"]
[SourceTitle "CBM 186 Extra"]
[Source "ChessBase"]
[SourceDate "2018.08.24"]
[SourceVersion "1"]
[SourceVersionDate "2018.08.24"]
[SourceQuality "1"]
[WhiteTeam "Chylice Laura"]
[BlackTeam "Staniatki Goniec"]
[WhiteTeamCountry "POL"]
[BlackTeamCountry "POL"]

1. e4 c5 2. Nf3 Nc6 3. d4 cxd4 4. Nxd4 e5 5. Nb5 d6 6. c4 a6 7. N5c3 f5 8. exf5 Bxf5 9. Bd3 Bxd3 10. Qxd3 Nf6 11. 0-0 Be7 12. Na3 0-0 13. Nc2 Rc8 14. b3 Nh5 15. g3 Qd7 16. Nd5 Rcd8 17. Ba3 Qh3 18. Rad1 Bg5 19. Qe4 Nf6 20. Qg2 Qe6 21. Rfe1 Ng4 22. f3 Nh6 23. f4 Bf6 24. Nd4 Nxd4 25. Rxd4 Qg4 26. Nxf6+ Rxf6 27. Qd5+ Qe6 28. fxe5 Nf7 29. Qxe6 Rxe6 30. Red1 Rxe5 31. Bxd6 Re2 32. a4 Ng5 33. Be7 1/2-1/2

[Event "POL-ch U18"]
[Site "Krynica"]
[Date "1998.??.??"]
[Round "?"]
[White "Borowski, Piotr"]
[Black "Lapczynski, Artur"]
[Result "0-1"]
[WhiteElo "2160"]
[BlackElo "2060"]
[PlyCount "42"]
[EventDate "1998.??.??"]
[EventType "swiss"]
[EventRounds "11"]
[EventCountry "POL"]
[SourceTitle "EXT 2002"]
[Source "ChessBase"]
[SourceDate "2001.11.25"]
[SourceVersion "1"]
[SourceVersionDate "2001.11.25"]
[SourceQuality "1"]

1. e4 c5 2. Nf3 d6 3. d4 cxd4 4. Nxd4 Nf6 5. Nc3 a6 6. Bc4 e6 7. Qe2 Be7 8. Bb3 Qc7 9. Be3 Nc6 10. 0-0-0 0-0 11. Rhg1 b5 12. g4 Na5 13. g5 Nxb3+ 14. axb3 Nd7 15. Rg3 Bb7 16. Qh5 Rfc8 17. Rh3 Nf8 18. b4 Qc4 19. f4 a5 20. Bg1 axb4 21. b3 bxc3 0-1

[Event "POL-ch U18"]
[Site "Krynica"]
[Date "1998.??.??"]
[Round "?"]
[White "Lapczynski, Artur"]
[Black "Purc, Slawomir"]
[Result "1/2-1/2"]
[WhiteElo "2060"]
[BlackElo "2120"]
[PlyCount "81"]
[EventDate "1998.??.??"]
[EventType "swiss"]
[EventRounds "11"]
[EventCountry "POL"]
[SourceTitle "EXT 2002"]
[Source "ChessBase"]
[SourceDate "2001.11.25"]
[SourceVersion "1"]
[SourceVersionDate "2001.11.25"]
[SourceQuality "1"]

1. e4 c5 2. Nf3 Nc6 3. d4 cxd4 4. Nxd4 Qb6 5. Nb3 Nf6 6. Nc3 e6 7. Be3 Qc7 8. g3 a6 9. Bg2 d6 10. a4 Ne5 11. 0-0 Be7 12. Qe2 0-0 13. Rad1 Nc4 14. Bc1 Rb8 15. Nd4 Bd7 16. b3 Ne5 17. Bb2 Nc6 18. Rfe1 Rfc8 19. Nf3 Be8 20. h3 Ne5 21. Nd4 Qa5 22. f4 Nc6 23. Nf3 Nb4 24. e5 dxe5 25. fxe5 Nfd5 26. Nxd5 Nxd5 27. c4 Nc3 28. Bxc3 Qxc3 29. Rd3 Qa5 30. Nd4 Rd8 31. Kh2 Bc5 32. Red1 Qb6 33. Qb2 a5 34. Nb5 Bxb5 35. axb5 Rxd3 36. Rxd3 g6 37. Rd7 Rd8 38. Qd2 Rxd7 39. Qxd7 Bg1+ 40. Kh1 Qe3 41. Qd8+ 1/2-1/2

[Event "POL-ch sf U18"]
[Site "Werynia"]
[Date "1997.??.??"]
[Round "?"]
[White "Turecki, Piotr"]
[Black "Lapczynski, Artur"]
[Result "0-1"]
[WhiteElo "2095"]
[BlackElo "2075"]
[PlyCount "28"]
[EventDate "1997.??.??"]
[EventType "swiss"]
[EventRounds "9"]
[EventCountry "POL"]
[SourceTitle "EXT 2003"]
[Source "ChessBase"]
[SourceDate "2002.11.25"]
[SourceVersion "1"]
[SourceVersionDate "2002.11.25"]
[SourceQuality "1"]

1. e4 e5 2. Nf3 Nc6 3. Bc4 Nf6 4. Ng5 d5 5. exd5 Nd4 6. d6 Qxd6 7. Nxf7 Qc6 8. Nxh8 Qxg2 9. d3 Bg4 10. f3 Qxh1+ 11. Kd2 Nxf3+ 12. Ke2 Nd4+ 13. Kd2 Qxd1+ 14. Ke3 Qe2# 0-1

[Event "POL-chT2 U18"]
[Site "Augustow"]
[Date "1996.??.??"]
[Round "?"]
[White "Lapczynski, Artur"]
[Black "Michalski, Karol"]
[Result "0-1"]
[WhiteElo "2115"]
[BlackElo "2070"]
[PlyCount "98"]
[EventDate "1996.??.??"]
[EventType "team"]
[EventRounds "10"]
[EventCountry "POL"]
[SourceTitle "EXT 2003"]
[Source "ChessBase"]
[SourceDate "2002.11.25"]
[SourceVersion "1"]
[SourceVersionDate "2002.11.25"]
[SourceQuality "1"]

1. e4 c6 2. d4 d5 3. e5 Bf5 4. h4 h5 5. c4 e6 6. Nc3 a6 7. Nf3 Bb4 8. Qb3 Bxc3+ 9. bxc3 b5 10. c5 Nd7 11. Be2 f6 12. Bf4 Bg4 13. Qd1 Qa5 14. Qc2 Ne7 15. exf6 gxf6 16. 0-0 Rg8 17. Rfe1 Kf7 18. Nh2 Ng6 19. Bg3 Bxe2 20. Qxe2 Rae8 21. Qxh5 Rh8 22. Qg4 f5 23. Qg5 Qxc3 24. h5 Ne7 25. Nf3 Reg8 26. Qf4 Nf8 27. Ng5+ Rxg5 28. Qxg5 Rg8 29. Qf4 Rg4 30. Qh6 Ng8 31. Qe3 Qxd4 32. Bd6 Ne7 33. a4 Qg7 34. g3 b4 35. a5 f4 36. Bxf4 Nf5 37. Qe5 Qxe5 38. Bxe5 Nd7 39. Rac1 Nh4 40. Kh2 Nf3+ 41. Kh3 Nfxe5 42. f4 Nd3 43. Kxg4 Nxe1 44. Rxe1 b3 45. h6 Nxc5 46. Rb1 Kg6 47. Rh1 Kh7 48. Kf3 Ne4 49. g4 b2 0-1

[Event "POL-chT2 U18"]
[Site "Augustow"]
[Date "1996.??.??"]
[Round "?"]
[White "Piescikowski, Mateusz"]
[Black "Lapczynski, Artur"]
[Result "1/2-1/2"]
[WhiteElo "1775"]
[BlackElo "2115"]
[PlyCount "65"]
[EventDate "1996.??.??"]
[EventType "team"]
[EventRounds "10"]
[EventCountry "POL"]
[SourceTitle "EXT 2003"]
[Source "ChessBase"]
[SourceDate "2002.11.25"]
[SourceVersion "1"]
[SourceVersionDate "2002.11.25"]
[SourceQuality "1"]

1. d4 d5 2. c4 c6 3. Nc3 Nf6 4. Nf3 e6 5. Bg5 dxc4 6. e4 b5 7. e5 h6 8. Bh4 g5 9. exf6 gxh4 10. Ne5 Qxf6 11. Be2 Bd6 12. Ne4 Bb4+ 13. Kf1 Qe7 14. Bh5 Bb7 15. Nxf7 Rf8 16. Ned6+ Bxd6 17. Nxd6+ Kd8 18. Nxb7+ Qxb7 19. Qe2 Nd7 20. Qxe6 Rf6 21. Qe4 Kc7 22. Qxh4 Raf8 23. Bf3 Qb6 24. Rd1 Rf4 25. Qg3 Kc8 26. Qg7 Qa6 27. d5 c5 28. d6 b4 29. Kg1 R4f7 30. Qxh6 Qxa2 31. Qe6 Qb3 32. Qd5 Nb6 33. Qxc5+ 1/2-1/2